| 000 | 00751nam a2200193 4500 | ||
|---|---|---|---|
| 008 | 021014s1982 us 1 eng | ||
| 020 | _a0802835627 | ||
| 090 | 0 |
_aBS478 _bC64t |
|
| 100 | 1 | _aGoppelt, Leonhard | |
| 245 | 1 | 0 |
_aTypos : _bthe typological interpretation of the Old Testament in the New / _cLeonhard Goppelt. |
| 260 |
_aMichigan : _bEerdmans, _cc1982. |
||
| 300 | _axxii, 264 p. | ||
| 500 | _aOriginally presented as the author's thesis (doctoral-Erlangen, 1939) | ||
| 500 | _aTrans. of: Typos, die typolosgishe Deutung des Alten Testaments im Neuen | ||
| 504 | _aIncludes index | ||
| 650 | 4 |
_aBible. N.T. _xRelation to the Old Testament. |
|
| 650 | 4 | _aTypology (Theology). | |
| 951 |
_p16659 _oBS478/C64t _j070613111149468 _d2000-12-21 _cGC |
||
| 999 |
_c13043 _d13043 |
||